| 000 | 00725nam a2200205Ia 4500 | ||
|---|---|---|---|
| 001 | 433 | ||
| 003 | GE_BSU | ||
| 008 | 181216s||||||||xx |||||||||||||| ||und|| | ||
| 040 | _cGE_BSU | ||
| 080 | _a27-235+2-264 | ||
| 100 | _aგუარდინი,რომანო | ||
| 245 | _aრელიგია და გამოცხადება | ||
| 245 | _cრედ. ემზარ კვიტაიშვილი; გერმანულიდან თარგმნა ვიქტორ რცხილაძემ | ||
| 260 | _aთბილისი | ||
| 260 | _c2008 | ||
| 300 | _a335გვ. | ||
| 541 | _h10ლ. | ||
| 653 | _aრელიგია და გამოცხადება | ||
| 942 | _cBK | ||
| 999 |
_c34657 _d34657 |
||